Ensayo de un diccionario de sinónimos y antónimos (Record no. 9230)

MARC details
000 -CABECERA
campo de control de longitud fija 00649nam a2200229 a 4500
001 - NÚMERO DE CONTROL
campo de control BRL_417
005 - FECHA Y HORA DE LA ÚLTIMA TRANSACCIÓN
campo de control 20190320210731.0
008 - DATOS DE LONGITUD FIJA--INFORMACIÓN GENERAL
campo de control de longitud fija 070813s1971----sp-######d---#000-0#spa-#
041 ## - CÓDIGO DE LENGUA
Código de lengua del texto/banda sonora o título independiente spa
044 ## - CÓDIGO DEL PAÍS DE LA ENTIDAD EDITORA/PRODUCTORA
Código MARC del país sp
050 #4 - SIGNATURA TOPOGRÁFICA DE LA BIBLIOTECA DEL CONGRESO
Número de clasificación PC4591
Número de documento/Ítem .S25 1971
100 1# - ENTRADA PRINCIPAL--NOMBRE DE PERSONA
Nombre de persona Sainz de Robles, Federico Carlos
9 (RLIN) 23866
245 10 - MENCIÓN DE TÍTULO
Título Ensayo de un diccionario de sinónimos y antónimos
Mención de responsabilidad, etc. Federico Carlos Sainz de Robles.
250 ## - MENCIÓN DE EDICIÓN
Mención de edición 8, 2 reimp.
260 ## - PUBLICACIÓN, DISTRIBUCIÓN, ETC.
Lugar de publicación, distribución, etc. Madrid
Nombre del editor, distribuidor, etc. Aguilar
Fecha de publicación, distribución, etc. 1971
300 ## - DESCRIPCIÓN FÍSICA
Extensión 1148 p.
Dimensiones 25 cm.
500 ## - NOTA GENERAL
Nota general Au418
500 ## - NOTA GENERAL
Nota general Tiene el lomo desprendido.
650 14 - PUNTO DE ACCESO ADICIONAL DE MATERIA--TÉRMINO DE MATERIA
Término de materia o nombre geográfico como elemento de entrada Español
Subdivisión general Sinónimos y antónimos
9 (RLIN) 23867
902 ## - CATALOGADOR
Iniciales GRL
942 ## - ELEMENTOS DE PUNTO DE ACCESO ADICIONAL (KOHA)
Fuente del sistema de clasificación o colocación Library of Congress Classification
Tipo de ítem Koha Libros
Holdings
Estado de retiro Estado de pérdida Estado dañado No para préstamo Localización permanente Ubicación/localización actual Fecha de adquisición Número de inventario Total de préstamos Signatura topográfica completa Código de barras Fecha visto por última vez Precio válido a partir de Tipo de ítem Koha
El ejemplar forma parte de la colección y puede ser consultado según las políticas vigentes.       Biblioteca Centro de Estudios Ruth D. Lechuga Biblioteca Centro de Estudios Ruth D. Lechuga 07/08/2013 Au418   PC4591 .S25 1971 (Au418) GRL00449 22/03/2019 22/03/2019 Libros